Score 0/18 Timer 04:00
0 Plays Today
Spin-Off Answer % Correct
Laverne and _______Shirley
87.6%
____: Warrior PrincessXena
86.6%
____ and MindyMork
85.9%
______ LegalBoston
84.9%
Law & Order: Criminal ______Intent
79.4%
_______ PracticePrivate
73.6%
The _____ of LifeFacts
71.2%
_______ PlaceMelrose
70.9%
A _________ WorldDifferent
63.9%
Spin-Off Answer % Correct
The _________ ShowCleveland
57.2%
Good _____Times
52.5%
____ and the FatmanJake
52.4%
Archie Bunker's _____Place
47.3%
_____ FamilyMama's
46.6%
Lou _____Grant
45.8%
The Brady ______Brides or Kids
31.7%
The _______ and Harry McGrawLaw
27.2%
The Misadventures of _______ LoboSheriff
23.4%

Today's Daily Dose

Remove Ads.
Support Sporcle.
Get the best of Sporcle when you Go Orange. This ad-free experience offers more features, more stats, and more fun while also helping to support Sporcle. Thank you for becoming a member.

You're not logged in!

Compare scores with friends on all Sporcle quizzes.
OR
Log In

Show Comments

Extras

Top Quizzes Today


Score Distribution

Your Account Isn't Verified!

In order to create a playlist on Sporcle, you need to verify the email address you used during registration. Go to your Sporcle Settings to finish the process.

Report this User

Report this user for behavior that violates our Community Guidelines.

Details: